000 00498nam a2200181 a 4500
001 2421
005 20140414131919.0
008 050601s19uu xx 00 eng d
020 _a0-86163-958-8
050 _aER
_bOl1 1999
245 _aOld man and the turnip (The) /
_cillustrated by Maureen Bradley.
260 _aLondon :
_bAward Pub.,
_c1999.
300 _a27 p. : ill. ; cm.
440 _aA Read Aloud Book
650 _aPlants
_xFiction.
650 _aChildren stories.
999 _c111638
_d111638